[Event "Mipap Cup"]
[Site "Olomouc CZE"]
[Date "2001.08.06"]
[Round "7"]
[White "Tolstikh,N"]
[Black "Wiley,To"]
[Result "1-0"]
[WhiteElo "2436"]
[BlackElo "2263"]

1.Nf3 f5 2.g3 Nf6 3.Bg2 g6 4.O-O Bg7 5.d4 O-O 6.c4 d6 7.Nc3 Qe8 8.Nd5 Nxd5
9.cxd5 Qb5 10.Ng5 c6 11.e4 fxe4 12.Bxe4 Bf5 13.a4 Qb4 14.Bxf5 Rxf5 15.Qe2 Qxd4
16.Qe6+ Kh8 17.Qc8+ Rf8 18.Qxb7 Qxd5 19.Qxa8 h6 20.Qxa7 hxg5 21.Qxe7 g4 22.Bf4  1-0

[Event "Nordic Championships"]
[Site "Bergen NOR"]
[Date "2001.08.08"]
[Round "5"]
[White "Valaker,O"]
[Black "Hansen,TR"]
[Result "0-1"]
[WhiteElo "2134"]
[BlackElo "2244"]

1.d4 f5 2.Nf3 Nf6 3.g3 g6 4.Bg2 Bg7 5.O-O O-O 6.c4 d6 7.Nc3 Nc6 8.d5 Ne5
9.Qb3 Kh8 10.Nd4 Nh5 11.e3 g5 12.f4 gxf4 13.exf4 Ng4 14.Qd1 Rg8 15.Qd3 Qe8
16.Nxf5 Bxf5 17.Qxf5 Bd4+ 18.Kh1 Nxh2 19.Kxh2 Nxg3 20.Qh3 Nxf1+ 21.Bxf1 Qg6
22.Be3 Bxe3 23.Qxe3 Raf8 24.Bh3 c5 25.Rf1 Qf6 26.f5 Rg7 27.Qf4 Rfg8 28.Re1 Rg4
29.Qf2 Qh6 30.Re6 Rf4 31.Qg3 Rxg3 32.Rxh6 Rd3 33.Bg2 Rxf5 34.Be4 Rd2+ 35.Kg3 Rf7
36.b3 Rg7+ 37.Kf4 Rf2+ 38.Ke3 Rf1 39.Rh3 a6 40.Bd3 Rfg1 41.Ne2 R1g2 42.Be4 R2g5
43.Rf3 b5 44.cxb5 axb5 45.a4 bxa4 46.bxa4 Rg8 47.Rh3 h5 48.Bf3 Kg7 49.Rxh5 Rxh5
50.Bxh5 Kf6 51.Nf4 Rg1 52.Be2 Ke5 53.a5 Ra1 54.Bc4 Rxa5 55.Nd3+ Kf5 56.Nb2 Ra1
57.Kd3 Ke5 58.Ke3 Re1+ 59.Kd2 Rh1 60.Kc3 Rh3+ 61.Nd3+ Ke4 62.Ba6 Rg3 63.Bc4 Re3
64.Kd2 Kd4 65.Ba6 Rh3 66.Nf4 Rh2+ 67.Kd1 Rf2 68.Ng6 Rf7 69.Bb7 Kd3 70.Kc1 c4
71.Ba6 Kc3 72.Kd1 Kb3 73.Kc1 Rf1+ 74.Kd2 c3+ 75.Ke2 c2  0-1

[Event "Nordic Championships"]
[Site "Bergen NOR"]
[Date "2001.08.09"]
[Round "6"]
[White "Lindberg,Bo"]
[Black "Schmidt Schaeffer,S"]
[Result "0-1"]
[WhiteElo "2248"]
[BlackElo "2323"]

1.c4 f5 2.d4 Nf6 3.g3 g6 4.Bg2 Bg7 5.Nf3 O-O 6.O-O d6 7.Nc3 h6 8.d5 c5 9.Re1 Na6
10.Nd2 g5 11.e4 Ng4 12.h3 Ne5 13.Qe2 f4 14.a3 Nb8 15.Rb1 Qe8 16.Nb5 Qd8 17.g4 Nbd7
18.Nc3 a6 19.Nd1 b5 20.f3 bxc4 21.Nxc4 Nxc4 22.Qxc4 Bd4+ 23.Kh1 Ne5 24.Qc2 h5
25.b3 hxg4 26.fxg4 Bxg4 27.hxg4 Kg7 28.Nf2 Rh8+ 29.Kg1 f3 30.Be3 fxg2 31.Bxd4 cxd4
32.Kxg2 Qf8 33.Qe2 Qf4 34.Rh1 Rh4 35.Rh3 Nxg4 36.Nd3 Ne3+ 37.Qxe3 Rg4+ 38.Qg3 Qxe4+  0-1

[Event "Nordic Championships"]
[Site "Bergen NOR"]
[Date "2001.08.12"]
[Round "9"]
[White "Manne,P"]
[Black "Johansson,Th"]
[Result "0-1"]
[WhiteElo "2386"]
[BlackElo "2250"]

1.d4 f5 2.Nf3 Nf6 3.c4 g6 4.g3 Bg7 5.Bg2 O-O 6.O-O d6 7.Nc3 Nc6 8.d5 Na5
9.Nd2 c5 10.Qc2 Bd7 11.b3 a6 12.Bb2 Rb8 13.e3 b5 14.Ne2 bxc4 15.bxc4 Rxb2
16.Qxb2 Ne4 17.Qc2 Nxd2 18.Qxd2 Bxa1 19.Rxa1 Nxc4 20.Qc3 Ne5 21.Nf4 Qb6 22.Ne6 Bxe6
23.dxe6 Rb8 24.f4 Ng4 25.h3 Nf6 26.Rf1 Qb2 27.Qxb2 Rxb2 28.Rf2 Rxf2 29.Kxf2 Ne8
30.Bb7 Nc7 31.g4 a5 32.g5 Kf8 33.Bc8 Ke8 34.Bd7+ Kd8 35.Ke2 Nd5 36.a4 Nb6
37.Bb5 d5 38.h4 c4 39.Kd2 Na8 40.Kc3 Nc7 41.Bc6 Kc8 42.Bd7+ Kb7 43.Kd4 Kb6
44.e4 c3 45.Kxc3 dxe4 46.Kd4 Kb7 47.Kc4 Ka7 48.Kd4 Kb6 49.Kc4 e3 50.Kd3 Nd5
51.Be8 e2 52.Kxe2 Nxf4+ 53.Ke3 Nxe6 54.Bf7 Nf8 55.Kd4 Kc6 56.Ke5 Kc5 57.h5 Kb4
58.Be8 Kb3 59.Bc6 Kc3 60.Bd5 gxh5 61.Bf7 h4 62.Kxf5 h3 63.Kg4 h2 64.Bd5 Kb4
65.Kg3 Ne6 66.Kxh2 Nxg5 67.Kg3 Kxa4 68.Kg4 h6 69.Kh5 Nh7 70.Kxh6 Nf6 71.Ba2 Ka3
72.Be6 Ne8 73.Kg6 Nc7 74.Bc4 Kb2 75.Kf7 e6 76.Ke7 a4 77.Kd6 a3 78.Kxc7 e5
79.Kd6 e4 80.Ke5 e3 81.Kd4 a2 82.Bxa2 e2 83.Bc4 e1=Q 84.Bd3 Kb3 85.Bc4+ Kb4
86.Bd3 Qe6 87.Be4 Qc4+ 88.Ke5 Kc5 89.Bf3 Qd4+ 90.Kf5 Kd6 91.Ba8 Qf2+ 92.Kg4 Ke5
93.Bf3 Qg1+ 94.Kh3 Kf4 95.Bg2 Qf2  0-1

[Event "7th Stage Russian Cup"]
[Site "Togliatty RUS"]
[Date "2001.08.13"]
[Round "6"]
[White "Tunik,G"]
[Black "Najer,E"]
[Result "1/2-1/2"]
[WhiteElo "2451"]
[BlackElo "2599"]

1.d4 f5 2.g3 Nf6 3.Bg2 g6 4.Nf3 Bg7 5.O-O O-O 6.c4 d6 7.Nc3 Nc6 8.d5 Ne5
9.Nxe5 dxe5 10.e4 f4 11.gxf4 exf4 12.e5 Nd7 13.e6 Ne5 14.Re1 Nxc4 15.Re4 Nd6
16.Rxf4 b6 17.Qa4 Bb7  1/2-1/2

[Event "TCh-ESP Div 2"]
[Site "Vila Real ESP"]
[Date "2001.08.16"]
[Round "4"]
[White "Rebole Arbea,I"]
[Black "Coret Frasquet,J"]
[Result "0-1"]
[WhiteElo "2188"]
[BlackElo "2282"]

1.d4 f5 2.c4 Nf6 3.g3 g6 4.Bg2 Bg7 5.Nf3 O-O 6.O-O d6 7.Nc3 Nc6 8.d5 Ne5
9.Nxe5 dxe5 10.e4 f4 11.gxf4 exf4 12.e5 Ng4 13.e6 Ne5 14.Re1 Nxc4 15.Re4 Nd6
16.Rxf4 Be5 17.Rxf8+ Qxf8 18.Qg4 Qf5 19.Qxf5 Nxf5 20.Bd2 Nd6 21.b3 b5 22.Rc1 Bb7
23.Bg5 Kf8 24.Nd1 Nf5 25.Ne3 Nd4 26.Kf1 a5 27.Rd1 a4 28.b4 a3 29.Bh6+ Ke8
30.f4 Bh8 31.Rc1 Kd8 32.Bg5 Rc8 33.Ng4 Nf5 34.Be4 Nd6 35.Bf3 Nc4 36.Ke2 Bd4
37.Nf2 Ke8 38.h4 Rd8 39.h5 Bxd5 40.hxg6 hxg6 41.Bxd5 Rxd5 42.Ne4 Bb2 43.Rh1 Nd6
44.Nc5 Nf5 45.Rh7 Bg7 46.Rh3 Bb2 47.Rh7 Rd6 48.Kf3 Bd4 49.Kg4 Kf8 50.Rf7+ Ke8
51.Rh7 Bg7 52.Rh3 Bb2 53.Rh7 Rd1 54.Nd7 Re1 55.Ne5 Kf8 56.Rf7+ Kg8 57.Bxe7 Nh6+  0-1

[Event "Rubinstein Open"]
[Site "Polanica Zdroj POL"]
[Date "2001.08.17"]
[Round "2"]
[White "Slaby,J"]
[Black "Grabarczyk,B"]
[Result "1/2-1/2"]
[WhiteElo "2258"]
[BlackElo "2439"]

1.d4 f5 2.Nf3 Nf6 3.c4 g6 4.g3 Bg7 5.Bg2 O-O 6.O-O d6 7.Nc3 e6 8.b3 Nc6 9.Qc2 a5
10.Bb2 Bd7 11.Rad1 Qc8 12.e4 Nb4 13.Qb1 Nxe4 14.Nxe4 fxe4 15.Qxe4 Nxa2 16.h4 a4
17.Ng5 a3 18.Ba1 h6 19.Qxg6 hxg5 20.Be4 Rf5 21.Bxf5 exf5 22.d5 Qf8 23.Qxg5 Nb4
24.Bc3 a2 25.Rde1 Be8 26.h5 Bxh5 27.Bxg7 Qxg7 28.Qxh5 a1=Q 29.Re8+ Rxe8 30.Qxe8+ Kh7
31.Qh5+  1/2-1/2

[Event "Rubinstein Open"]
[Site "Polanica Zdroj POL"]
[Date "2001.08.20"]
[Round "5"]
[White "Szromba,K"]
[Black "Kuziola,M"]
[Result "1/2-1/2"]
[WhiteElo "2187"]
[BlackElo "2099"]

1.d4 f5 2.g3 Nf6 3.Bg2 g6 4.Nf3 Bg7 5.O-O O-O 6.c4 d6 7.Nc3 e6 8.b3 Nc6 9.Bb2 e5
10.dxe5 dxe5 11.Nd5 e4 12.Nxf6+ Bxf6 13.Qxd8 Nxd8 14.Bxf6 Rxf6 15.Ne5 Nf7
16.Nxf7 Rxf7 17.Rad1 Be6 18.f3 exf3 19.Bxf3 c6 20.Rd6 Re8 21.Rfd1 Rfe7  1/2-1/2

[Event "9th Open"]
[Site "Nikea GRE"]
[Date "2001.08.22"]
[Round "5"]
[White "Sismanis,A"]
[Black "Chilov,A"]
[Result "0-1"]
[WhiteElo "2094"]
[BlackElo "2307"]

1.d4 f5 2.c4 Nf6 3.g3 g6 4.Bg2 Bg7 5.Nf3 O-O 6.O-O d6 7.Nc3 Qe8 8.d5 a5 9.Qc2 Na6
10.a3 Bd7 11.b3 Nc5 12.Bb2 a4 13.b4 Nb3 14.Rad1 Ra7 15.Ng5 Ng4 16.Nb5 Bxb2
17.Qxb2 Bxb5 18.Ne6 Qf7 19.cxb5 Rc8 20.Nxc7 b6 21.Ne6 Qf6 22.Qb1 Ne5 23.e4 Nc4
24.Qa2 Qb2 25.Qxb2 Nxb2 26.Rb1 Nc4 27.Rbd1 Nxa3 28.exf5 Nxb5 29.fxg6 hxg6
30.Rd3 Rc3 31.Be4 a3 32.Rxc3 Nxc3 33.Bc2 Ne2+ 34.Kg2 Nbc1 35.Nd4 Nxd4 36.Rxc1 Nxc2  0-1

[Event "WJun Women"]
[Site "Athens GRE"]
[Date "2001.08.23"]
[Round "7"]
[White "Makka,I"]
[Black "Zhao Xue"]
[Result "0-1"]
[WhiteElo "2123"]
[BlackElo "2372"]

1.c4 f5 2.d4 Nf6 3.Nf3 g6 4.g3 Bg7 5.Bg2 O-O 6.O-O d6 7.Nc3 c6 8.d5 Bd7 9.Rb1 Na6
10.b4 Qe8 11.dxc6 bxc6 12.a3 Nc7 13.Bb2 Ng4 14.Na2 Ne5 15.Nc1 Nf7 16.Bxg7 Kxg7
17.Qd2 e5 18.Rd1 Qe7 19.a4 a6 20.Nb3 Rab8 21.Ne1 Rfd8 22.Qc3 Qf6 23.Na5 e4
24.Qxf6+ Kxf6 25.Nc2 Ne6 26.f3 d5 27.cxd5 cxd5 28.Rxd5 Bxa4 29.Ne3 exf3 30.exf3 f4
31.Rxd8 Rxd8 32.Nec4 h5 33.Bf1 Nfg5 34.Kf2 Bb5 35.Re1 Rd4 36.Rb1 Nc7 37.Be2 Nd5
38.Rb2 Nc3 39.Rc2 Nxe2 40.Kxe2 Ne6 41.Kf2 Rd3 42.Rd2 Rxd2+ 43.Nxd2 Ke5 44.Nab3 Nc7
45.gxf4+ Kxf4 46.Nd4 Nd5 47.Nxb5 axb5 48.Ne4 Nxb4 49.Nd6 Nd3+ 50.Ke2 Ne5
51.Nxb5 Nxf3 52.Nc3 Nxh2 53.Kf2 Ng4+ 54.Kg2 Nf6 55.Ne2+ Kg4 56.Ng1 g5 57.Nf3 Kf4
58.Ng1 g4 59.Ne2+ Kg5 60.Kh2 Ne4 61.Kg2 h4 62.Kh2 g3+ 63.Kh3 Nf2+ 64.Kg2 Kg4
65.Ng1 h3+ 66.Nxh3 Nxh3 67.Kh1 Nf4 68.Kg1 Kf3 69.Kh1 g2+  0-1

[Event "Open"]
[Site "Lisbon POR"]
[Date "2001.08.28"]
[Round "8"]
[White "Campos Moreno,J"]
[Black "Moreno Tejera,E"]
[Result "1/2-1/2"]
[WhiteElo "2524"]
[BlackElo "2290"]

1.d4 f5 2.g3 Nf6 3.Bg2 g6 4.Nf3 Bg7 5.O-O O-O 6.c4 d6 7.d5 e5 8.dxe6 Bxe6
9.b3 Na6 10.Ng5 Qe7 11.Ba3 Nc5 12.Qc2 Rad8 13.Nxe6 Qxe6 14.Nc3 c6 15.Rad1 Ng4
16.Bb2 f4 17.b4 Nd7 18.Ne4 fxg3 19.Nxg3 Bxb2 20.Qxb2 Nde5 21.b5 Nxf2 22.Rd4 Nfg4
23.bxc6 bxc6 24.Qc1 Rxf1+ 25.Nxf1 Rf8 26.Qg5 Nf6 27.Qe3 Nfg4 28.Qg5 Nf6 29.Qe3  1/2-1/2

[Event "1st Open"]
[Site "St-Chely d'Aubrac FRA"]
[Date "2001.08.28"]
[Round "5"]
[White "Legrand,S"]
[Black "Santo Roman,M"]
[Result "1-0"]
[WhiteElo "2172"]
[BlackElo "2426"]

1.d4 f5 2.c4 Nf6 3.g3 g6 4.Bg2 Bg7 5.Nf3 O-O 6.O-O d6 7.Nc3 Nc6 8.d5 Na5
9.Qa4 c5 10.dxc6 Nxc6 11.Rd1 Bd7 12.c5 dxc5 13.Qb3+ Kh8 14.Bf4 Na5 15.Qc2 Qe8
16.Ne5 Be6 17.Nd3 Rc8 18.Be5 b6 19.Nf4 Bf7 20.Ncd5 Nxd5 21.Bxg7+ Kxg7 22.Nxd5 e5
23.e4 Bxd5 24.exd5 Qd7 25.Qc3 Qd6 26.Re1 Rce8 27.f4 Kf6 28.Re2 Re7 29.Rae1 Rfe8
30.h3 h5 31.g4 hxg4 32.hxg4 fxg4 33.fxe5+ Rxe5 34.Qg3 g5 35.Qh2 Nc4 36.Qh6+ Ke7
37.Qxg5+ Kd7 38.Qxg4+ Kc7 39.Qxc4 Rh5 40.Rxe8 Qh2+ 41.Kf2 Rf5+ 42.Ke3 Qxg2
43.d6+ Kb7 44.Qe4+  1-0

[Event "III Sants Hostafrancs Open"]
[Site "Barcelona ESP"]
[Date "2001.09.07"]
[Round "7"]
[White "Oms Pallise,J"]
[Black "Canal Oliveras,J"]
[Result "1/2-1/2"]
[WhiteElo "2424"]
[BlackElo "2263"]

1.d4 f5 2.g3 Nf6 3.Bg2 g6 4.Nf3 Bg7 5.O-O O-O 6.c4 d6 7.Nc3 c6 8.Qb3 Qb6
9.Qc2 Qc7 10.e4 e5 11.c5 Nxe4 12.Nxe4 fxe4 13.cxd6 Qxd6 14.dxe5 Qd3 15.Qxd3 exd3
16.Rd1 Bg4 17.Rxd3 Nd7 18.h3 Bxf3 19.Rxd7 Bxg2 20.Kxg2 Bxe5 21.Be3 Rf7 22.Rad1 Raf8
23.b3 a6 24.R7d2 Bf6 25.f4 Re8 26.Rd3 Rff8 27.Bc5 Re2+ 28.Kf3 Rfe8 29.Rd7 Rc2
30.Bf2 Rc3+ 31.Kg2 Re2 32.R1d2 Rc2 33.Rxc2 Rxc2 34.Kf3 b5 35.Rc7 a5 36.Bb6 a4
37.bxa4 bxa4 38.Ke4 a3 39.Ra7 Rc4+ 40.Kf3 Rc3+ 41.Ke4 Rxg3 42.Bd4 Bxd4 43.Kxd4 Rxh3
44.Ke5 Rh5+ 45.Ke4 Rf5 46.Rxa3 h5 47.Rc3 c5  1/2-1/2

[Event "III Sants Hostafrancs Open"]
[Site "Barcelona ESP"]
[Date "2001.09.08"]
[Round "8"]
[White "Torrecillas Martinez,A"]
[Black "Yepes Martinez,E"]
[Result "1/2-1/2"]
[WhiteElo "2392"]
[BlackElo "2262"]

1.c4 f5 2.d4 Nf6 3.Nf3 g6 4.g3 Bg7 5.Bg2 O-O 6.O-O d6 7.Nc3 Nc6 8.d5 Ne5
9.Qb3 Nxf3+ 10.Bxf3 Nd7 11.Bg2 Nc5 12.Qc2 e5 13.dxe6 Bxe6 14.b3 c6 15.Be3 Qe7
16.Rad1 Rad8 17.Bd4 Rfe8 18.Bxg7 Qxg7 19.e3 Bf7 20.Rfe1 Qf6 21.Qd2 Rd7 22.e4 a5
23.exf5 Rxe1+ 24.Rxe1 Qxf5 25.h4 Qf6 26.Nd1 d5 27.cxd5 Bxd5 28.Bxd5+ Rxd5
29.Qxa5 Ne4 30.Qb4 Rd4 31.Qb6 g5 32.hxg5 Nxg5 33.Kf1 Ne4 34.Rxe4 Rxe4 35.Ne3 Re7
36.Kg1 Kf7 37.Qc5 Qf3 38.Qc4+ Kf8 39.Qh4 Ke8 40.Qd4 Qh5 41.Kg2 Qe5 42.Qd1 Qe4+
43.Kg1 Re5 44.Qd6 Rh5 45.Qb8+ Kf7 46.Qc7+ Ke8 47.Qc8+ Kf7  1/2-1/2

[Event "1st Sea Chess TCh"]
[Site "Kuala Lumpur MAI"]
[Date "2001.09.09"]
[Round "5"]
[White "Sawalani,N"]
[Black "Lim Yee Weng"]
[Result "1/2-1/2"]
[WhiteElo "2172"]
[BlackElo "2175"]

1.d4 f5 2.g3 Nf6 3.Bg2 g6 4.Nf3 Bg7 5.O-O O-O 6.c4 d6 7.Nc3 Nc6 8.d5 Ne5
9.b3 Ne4 10.Nxe4 Nxf3+ 11.exf3 Bxa1 12.Ng5 Bf6 13.f4 Bd7 14.Re1 h6 15.Nf3 c5
16.dxc6 bxc6 17.Nd4 Qc7 18.h4 e5 19.fxe5 dxe5 20.Nc2 Bg7 21.Ba3 Be6 22.Bd6 Qa5
23.Bxf8 Rxf8 24.Qd6 Bf7 25.b4 Qxa2 26.Ne3 Kh8 27.h5 f4 28.gxf4 exf4 29.Ng4 Qxc4
30.hxg6 Bd5  1/2-1/2

[Event "9th Asian Women"]
[Site "Chennai IND"]
[Date "2001.09.12"]
[Round "11"]
[White "Mohota,N"]
[Black "Zhao Xue"]
[Result "0-1"]
[WhiteElo "2236"]
[BlackElo "2372"]

1.d4 f5 2.Nf3 Nf6 3.g3 g6 4.Bg2 Bg7 5.O-O O-O 6.c4 d6 7.Nc3 c6 8.Qc2 Nh5
9.d5 Qe8 10.Rd1 Na6 11.a3 Bd7 12.Nd4 Rc8 13.Bf3 Nf6 14.b3 cxd5 15.Nxd5 e5
16.Nxf6+ Bxf6 17.Bd5+ Kg7 18.Nf3 Bc6 19.Bb2 Nc5 20.Bxc6 Qxc6 21.Rac1 a5 22.b4 axb4
23.axb4 Ne4 24.c5 Rfe8 25.Qc4 dxc5 26.bxc5 b6 27.Qd5 Qxd5 28.Rxd5 Rxc5 29.Rcxc5 bxc5
30.Bxe5 Re7 31.Bxf6+ Kxf6 32.Nd2 Ke6 33.Rd3 Nxd2 34.Rxd2 c4 35.Rc2 Kd5 36.e3 Rc7
37.Kf1 c3 38.Ke2 Ke4 39.Kd1 Ra7 40.Rc1 Kd3 41.h4 Ra2 42.Ke1 c2  0-1

[Event "EUR-ASIA Rapid Match"]
[Site "Batumi GEO"]
[Date "2001.09.18"]
[Round "6"]
[White "Gurevich,M"]
[Black "Dao Thien Hai"]
[Result "1-0"]
[WhiteElo "2633"]
[BlackElo "2572"]

1.d4 f5 2.Nf3 Nf6 3.g3 g6 4.Bg2 Bg7 5.O-O O-O 6.c4 d6 7.Nc3 Qe8 8.d5 Na6
9.Rb1 c6 10.dxc6 bxc6 11.b4 Bd7 12.a3 Nc7 13.Bb2 a5 14.e3 h6 15.Ne2 g5 16.c5 d5
17.Be5 Nb5 18.Rb3 axb4 19.axb4 Ng4 20.Bxg7 Kxg7 21.Ned4 Nc7 22.h3 e5 23.hxg4 fxg4
24.Nh2 exd4 25.Qxd4+ Rf6 26.Nxg4 Bxg4 27.Qxg4 Ra2 28.e4 d4 29.Rf3 Rxf3 30.Qxf3 Nb5
31.e5 Qxe5 32.Qxc6 Nc3 33.Qd7+ Kg6 34.Bf3 Ne2+ 35.Bxe2 Rxe2 36.Qc6+ Kg7 37.b5 Rc2
38.b6 Rxc5 39.Qd7+ Kg6 40.b7 Rc3 41.Qc8 Rb3 42.Qg8+  1-0

[Event "ECC"]
[Site "Panormo GRE"]
[Date "2001.09.26"]
[Round "4"]
[White "Volkov,S"]
[Black "Gelashvili,T"]
[Result "0-1"]
[WhiteElo "2578"]
[BlackElo "2506"]

1.d4 g6 2.c4 Bg7 3.Nf3 f5 4.g3 Nf6 5.Bg2 O-O 6.O-O d6 7.Nc3 Qe8 8.b3 c6 9.Ba3 h6
10.Qc2 g5 11.e3 Na6 12.Rae1 Qh5 13.Nd2 Bd7 14.f4 gxf4 15.gxf4 Ng4 16.h3 Nf6
17.Qd1 Qxd1 18.Rxd1 Rab8 19.b4 Nc7 20.Nb3 d5 21.c5 Ne4 22.Bb2 Bf6 23.Kh2 Bh4
24.Ne2 Ne8 25.Bc3 Nxc3 26.Nxc3 Nf6 27.Bf3 Kh7 28.Rd2 Ne4 29.Nxe4 dxe4 30.Be2 Rg8
31.Bc4 Rg3 32.Rg2 Rxe3 33.Rfg1 Bf6 34.Bg8+ Rxg8 35.Rxg8 Bg5 36.fxg5 Kxg8
37.gxh6+ Kh8 38.Rg7 f4 39.Rxe7 Rxh3+ 40.Kg1 Rg3+ 41.Kh2 e3 42.d5 cxd5 43.Nd4 Bg4
44.b5 Rh3+ 45.Kg1 Rxh6 46.c6 bxc6 47.bxc6 Rg6 48.Kf1 Bh3+ 49.Ke2 Rg2+ 50.Kd3 Rxa2
51.Re5 Bf1+ 52.Kc3 Ra4 53.Rh5+ Kg8 54.Rg5+ Kh7 55.Rh5+ Kg6 56.Rxd5 Rc4+ 57.Kb2 e2
58.Rd6+ Kh5 59.Nf3 Bg2 60.Rd5+ Kg4 61.Ne5+ Kh4 62.Ng6+ Kg3 63.Re5 f3  0-1

[Event "ECC"]
[Site "Panormo GRE"]
[Date "2001.09.28"]
[Round "6"]
[White "Edvardsson,K"]
[Black "Grabarczyk,B"]
[Result "1/2-1/2"]
[WhiteElo "2245"]
[BlackElo "2439"]

1.d4 f5 2.g3 Nf6 3.Bg2 g6 4.Nf3 Bg7 5.O-O O-O 6.c4 d6 7.Nc3 e6 8.b3 Nc6 9.Bb2 e5
10.dxe5 dxe5 11.e4 fxe4 12.Ng5 Qxd1 13.Raxd1 Bg4 14.Rde1 Nd4 15.Ngxe4 Nxe4
16.Rxe4 Bf5 17.Re3 Nc2 18.Bxb7 Nxe3 19.fxe3 Bh3 20.Re1 Rad8 21.Ne4 h6 22.Ba3 Rfe8
23.Bc6 Bd7 24.Bd5+ Kh7 25.Bf7 Rh8 26.Be7 Rb8 27.Nc5 Bc8 28.Rf1 Bh3 29.Rd1 Bf8
30.Bxf8 Rhxf8 31.Be6 Bxe6 32.Nxe6 Rf7 33.Kg2 Re8 34.Nc5 Kg7 35.e4 Ree7 36.a4 Rf6
37.a5 Ref7 38.Rd2 Kh7 39.b4 Rf3 40.Nd3 Re3 41.Nxe5 Re7 42.Ng4 Rb3 43.b5 h5
44.Nf6+ Kg7 45.Nd5 Rxe4 46.Rc2 c6 47.bxc6 Re6 48.c7 Rc6 49.a6 Ra3 50.Rb2 Rxc4
51.Rb8 Rc2+ 52.Kh3 Raa2 53.Kh4 Ra4+ 54.Kh3 Raa2  1/2-1/2

[Event "FSIMA October"]
[Site "Budapest HUN"]
[Date "2001.10.07"]
[Round "2"]
[White "Somogyi,I"]
[Black "Seres,L"]
[Result "0-1"]
[WhiteElo "2254"]
[BlackElo "2474"]

1.d4 f5 2.Nf3 Nf6 3.g3 g6 4.Bg2 Bg7 5.O-O O-O 6.c4 d6 7.Nc3 Nc6 8.b3 e5 9.dxe5 dxe5
10.Ba3 Re8 11.Qxd8 Rxd8 12.Rad1 Rxd1 13.Rxd1 e4 14.Ne1 Be6 15.Nc2 Ne8 16.Nd5 Ne5
17.Nce3 c6 18.Nf4 Bf7 19.f3 exf3 20.exf3 a5 21.Ne2 a4 22.Bb4 axb3 23.axb3 Ra2
24.Nd4 h5 25.h3 Nf6 26.Bc3 Ned7 27.Ndc2 h4 28.gxh4 f4 29.Nb4 Ra3 30.Ng4 Rxb3
31.Bxf6 Nxf6 32.Rd6 Kh7 33.Nd3 Bxc4 34.Nxf4 Nh5 35.Rd7 Nxf4 36.Nf6+ Kh8 37.Rd8+ Bf8
38.Rxf8+ Kg7 39.Nd7 Ne2+ 40.Kf2 Rb2 41.Ke3 Ng3 42.Rb8 Rxg2 43.Rxb7 Bf7 44.f4 Nf5+
45.Kd3 Bc4+ 46.Kc3 Nd6 47.Rb8 Rg3+ 48.Kd4 Bd5 49.Ne5 Nf5+  0-1

[Event "FSGM October"]
[Site "Budapest HUN"]
[Date "2001.10.07"]
[Round "2"]
[White "Jakab,A"]
[Black "Hoang Thanh Trang"]
[Result "1/2-1/2"]
[WhiteElo "2369"]
[BlackElo "2439"]

1.d4 f5 2.Nf3 Nf6 3.g3 g6 4.Bg2 Bg7 5.c4 O-O 6.O-O d6 7.Nc3 Nc6 8.b3 Ne4
9.Bb2 Nxc3 10.Bxc3 e5 11.dxe5 dxe5 12.Qd5+ Kh8 13.Qxd8 Rxd8 14.Ng5 Re8 15.Bxc6 bxc6
16.Rad1 a5 17.Rd8 Rxd8 18.Nf7+ Kg8 19.Nxd8 Ra6 20.Rd1 Bf6 21.f4 Kf8 22.Bxe5 Be7
23.Bxc7 Ke8 24.a4 c5 25.Rd3 Ra7 26.Bb6 Ra6 27.Bc7 Ra7 28.Bb8 Ra6 29.Bc7  1/2-1/2

[Event "TCh-BUL"]
[Site "Pamporovo BUL"]
[Date "2001.10.08"]
[Round "7"]
[White "Pantaleev,P"]
[Black "Todorov,Ivai"]
[Result "1/2-1/2"]
[WhiteElo "2245"]
[BlackElo "2318"]

1.Nf3 f5 2.g3 Nf6 3.Bg2 g6 4.O-O Bg7 5.d4 O-O 6.c4 d6 7.d5 Na6 8.Nc3 Nc5
9.Be3 Nfe4 10.Nxe4 Nxe4 11.Qc2 e5 12.dxe6 Bxe6 13.Nd4 Bf7 14.Bxe4 fxe4 15.Qxe4 Bxc4
16.Ne6 Bxe6 17.Qxe6+ Kh8 18.Rfd1 Rf5 19.Qb3 b6 20.Rac1 c5 21.Bf4 Be5 22.Bxe5+ Rxe5
23.Qc3 Qf6 24.f4 Re6 25.Qxf6+ Rxf6 26.Rd5 Re8 27.Kf2 Re4 28.Rcd1 Rfe6 29.R1d2 Kg7
30.Rxd6 Rxe2+ 31.Rxe2 Rxd6 32.Ke1  1/2-1/2

[Event "6th Wichern Open"]
[Site "Hamburg GER"]
[Date "2001.10.15"]
[Round "3"]
[White "Zierke,O"]
[Black "Kopylov,M"]
[Result "1-0"]
[WhiteElo "2279"]
[BlackElo "2438"]

1.d4 f5 2.Nf3 Nf6 3.g3 g6 4.Bg2 Bg7 5.O-O O-O 6.c4 d6 7.Nc3 Qe8 8.b3 c6 9.Ba3 Na6
10.Qd3 Rb8 11.e4 b5 12.e5 b4 13.exf6 Bxf6 14.Bb2 bxc3 15.Bxc3 f4 16.Qd2 g5
17.gxf4 gxf4 18.Qxf4 Qh5 19.Kh1 Bg4 20.h3 Bxh3 21.Qg3+ Bg7 22.Rae1 Bd7+ 23.Nh2 Rf7
24.d5 c5 25.Re6 Nc7 26.Rfe1 Kf8 27.Rxe7 Rxe7 28.Qxd6 Be5 29.Rxe5 Qd1+ 30.Re1 Qxe1+
31.Bxe1 Rb6 32.Qxc5 Na6 33.Qa3 Rh6 34.Bd2 Rg6 35.c5 Nb8 36.c6 Bc8 37.Bb4  1-0

[Event "Panormo Open"]
[Site "Crete GRE"]
[Date "2001.10.25"]
[Round "7"]
[White "Lacrosse,M"]
[Black "Karapanos,N"]
[Result "1-0"]
[WhiteElo "2259"]
[BlackElo "2282"]

1.d4 g6 2.c4 f5 3.g3 Bg7 4.Bg2 Nf6 5.Nf3 O-O 6.O-O d6 7.Nc3 Nc6 8.d5 Ne5
9.Nxe5 dxe5 10.Qb3 Kh8 11.Rd1 a6 12.Bd2 Rb8 13.Rac1 Bd7 14.c5 Be8 15.Qa3 Bf7
16.Be1 e4 17.d6 exd6 18.cxd6 c6 19.f3 Re8 20.fxe4 Ng4 21.Na4 Qg5 22.h3 Ne3
23.h4 Qh6 24.d7 Red8 25.Ba5 Nxd1 26.Rxd1 Bf6 27.e5 b6 28.Bd2 Qf8 29.Qxf8+ Rxf8
30.exf6 Bxa2 31.Bxc6 Kg8 32.Bb4 Bb3 33.Rd3 Bxa4 34.Bxa4  1-0

[Event "Frauen Bundesliga 2001-2"]
[Site "GER"]
[Date "2001.10.28"]
[Round "2"]
[White "Olbrich,M"]
[Black "Dworakowska,J"]
[Result "0-1"]
[WhiteElo "2302"]
[BlackElo "2358"]

1.d4 f5 2.Nf3 Nf6 3.g3 g6 4.Bg2 Bg7 5.O-O O-O 6.c4 d6 7.Nc3 Nc6 8.d5 Na5
9.Nd2 c5 10.a3 Bd7 11.Rb1 Rb8 12.Qc2 Qc8 13.Qd3 Ng4 14.e4 Bd4 15.Nf3 b5 16.Nxd4 bxc4
17.Nxf5 Rxf5 18.Qe2 Rf8 19.Bg5 Rf7 20.h3 Ne5 21.f4 Nd3 22.e5 dxe5 23.fxe5 Rxf1+
24.Bxf1 Bxh3 25.e6 Bf5 26.g4 Nb3 27.gxf5 Nd4 28.Qg2 Nxf5 29.Bxd3 cxd3 30.Rf1 Kh8
31.Qh2 Qf8 32.Bh6 Qxh6 33.Qxb8+ Kg7 34.Qe5+ Kg8 35.Qb8+ Kg7 36.Qe5+ Kg8 37.Rxf5 gxf5
38.Qxf5  0-1

[Event "2nd It"]
[Site "Odivelas POR"]
[Date "2001.11.12"]
[Round "7"]
[White "Blalock,R"]
[Black "Francisco,J"]
[Result "1-0"]
[WhiteElo "2234"]
[BlackElo "2210"]

1.d4 f5 2.c4 Nf6 3.Nf3 g6 4.g3 Bg7 5.Bg2 O-O 6.O-O d6 7.Nc3 h6 8.d5 e5 9.dxe6 Nc6
10.Rb1 Bxe6 11.b3 Qd7 12.e3 Rae8 13.Ba3 Ne4 14.Nxe4 fxe4 15.Nd2 Bh3 16.Qc2 Bxg2
17.Kxg2 Rf5 18.Nxe4 Rh5 19.f3 Qh3+ 20.Kg1 Ra5 21.Bc1 Nb4 22.Qg2 Qxg2+ 23.Kxg2 Rxa2+
24.Rf2 Rxf2+ 25.Kxf2 Nd3+ 26.Ke2 Nxc1+ 27.Rxc1 Re5 28.g4 Ra5 29.Rc2 Ra3 30.Nd2 Kf7
31.f4 Ke6 32.e4 a5 33.c5 d5 34.c6 b5 35.Rc5 dxe4 36.Rxb5 a4 37.f5+ gxf5 38.gxf5+ Ke7
39.Ra5 Bc3 40.Rxa4 Rxa4 41.bxa4 Be5 42.Nxe4 Bxh2 43.a5 Bg1 44.Nf2  1-0

[Event "EuTChw"]
[Site "Leon ESP"]
[Date "2001.11.15"]
[Round "9"]
[White "Medic,Mir"]
[Black "Lagvilava,G"]
[Result "1-0"]
[WhiteElo "2278"]
[BlackElo "2326"]

1.d4 f5 2.g3 Nf6 3.Bg2 g6 4.Nf3 Bg7 5.O-O O-O 6.c4 d6 7.Nc3 Nc6 8.d5 Ne5
9.Nxe5 dxe5 10.e4 f4 11.gxf4 Nh5 12.fxe5 Bxe5 13.Ne2 Qd6 14.f4 Nxf4 15.Nxf4 Bxf4
16.Bxf4 Rxf4 17.Rxf4 Qxf4 18.Qb3 a5 19.Rf1 Qe5 20.Qf3 Qg7 21.e5 Bf5 22.Qe3 Re8
23.c5 b6 24.cxb6 cxb6 25.Re1 b5 26.Qb3 Rb8 27.d6+ e6 28.Qc3 Qh6 29.Qe3 Qh4
30.Rc1 Rf8 31.d7 Qe7 32.Qd2 Rd8 33.Rc8 Kg7 34.Rxd8 Qxd8 35.Kh1 h5 36.Kg1 Kf7
37.h4 Qb6+ 38.Kh2 Qd8 39.Kg3 b4 40.Bc6 Bg4 41.Qh6  1-0

[Event "VII Sreiber Mem"]
[Site "Subotica YUG"]
[Date "2001.11.18"]
[Round "13"]
[White "Jakab,A"]
[Black "Markus,R"]
[Result "1-0"]
[WhiteElo "2369"]
[BlackElo "2450"]

1.d4 f5 2.Nf3 Nf6 3.g3 g6 4.Bg2 Bg7 5.O-O O-O 6.c4 d6 7.Nc3 Qe8 8.b3 e5 9.dxe5 dxe5
10.e4 Nc6 11.Nd5 Qd7 12.Ba3 Rd8 13.Qc2 Nxe4 14.Rad1 Kh8 15.Nf6 Bxf6 16.Rxd7 Bxd7
17.Bb2 Be8 18.a3 a5 19.h4 Nc5 20.Re1 Nd3 21.Re2 Nxb2 22.Qxb2 Bg7 23.Nxe5 Nxe5
24.Rxe5 Rd1+ 25.Kh2 Re1 26.f4 Bxe5 27.fxe5 Bc6 28.h5 gxh5 29.e6+ Kg8 30.Bd5 Bxd5
31.cxd5 Re4 32.Qf6 Rf8 33.Qg5+ Kh8 34.Qe7 Kg8 35.Qxc7 f4 36.e7  1-0

[Event "NCC"]
[Site "Philadelphia USA"]
[Date "2001.11.25"]
[Round "5"]
[White "Pixton,A"]
[Black "Palatnik,S"]
[Result "1/2-1/2"]
[WhiteElo "2351"]
[BlackElo "2489"]

1.d4 f5 2.c4 Nf6 3.Nf3 g6 4.g3 Bg7 5.Bg2 O-O 6.O-O d6 7.b3 c6 8.Bb2 Ne4 9.Nbd2 d5
10.Ne5 Be6  1/2-1/2

[Event "Admiralteiskii Women"]
[Site "St Petersburg RUS"]
[Date "2001.12.11"]
[Round "9"]
[White "Bezgodova Filichkina,S"]
[Black "Kharashkina,B"]
[Result "0-1"]
[WhiteElo "2254"]
[BlackElo "2178"]

1.Nf3 f5 2.g3 Nf6 3.Bg2 g6 4.O-O Bg7 5.d4 O-O 6.c4 d6 7.d5 c6 8.Nc3 e5 9.dxe6 Bxe6
10.b3 Ne4 11.Nxe4 Bxa1 12.Qxd6 Qxd6 13.Nxd6 b6 14.Ng5 Bd7 15.Rd1 Bg7 16.Nb5 a6
17.Nc7 Ra7 18.Bf4 h6 19.Nge6 Rc8 20.h4 Kf7 21.Rd6 Bf6 22.Rxd7+ Nxd7 23.Bxc6 Ne5
24.Bd5 Ke7 25.Be3 Raxc7 26.Nxc7 Rxc7 27.Bxb6 Rd7 28.Bc5+ Kd8 29.Bb6+ Ke8
30.f4 Rxd5 31.cxd5 Nd7 32.Bc7 Nc5 33.Kg2 Ne4 34.Ba5 Kd7 35.Bb4 h5 36.Kf3 Bc3
37.Bxc3 Nxc3 38.a4 Kd6 39.Ke3 Kxd5 40.Kd3 Ne4 41.b4 Nxg3 42.b5 axb5 43.axb5 Kc5
44.b6 Kxb6 45.Kd4 Nxe2+ 46.Ke5 Kc5 47.Kf6 Kd4 48.Kxg6 Ng3  0-1